000 00421 a2200145 4500
999 _c5524
_d5524
020 _a0904748847
050 _aRA421WIL1994
100 _aWillis,Richard
_eauthor
245 _aYour health in your hands /
_cRichard J B Willis; Andrew D Baildam; David Marshal
264 _a Grantham, England :
_bAutumn House,
_c1994
300 _a192p. :
500 _aincludes index
650 _a Health.
942 _2lcc
_cBK
_h421
_iWIL
_kRA